Phương pháp thiết kế xưởng mạ điện

Tallennettuna:
Bibliografiset tiedot
Päätekijä: Trần, Minh Hoàng
Aineistotyyppi: Kirja
Kieli:Undetermined
Julkaistu: Hà Nội Khoa học Kỹ thuật 2001
Aiheet:
Tagit: Lisää tagi
Ei tageja, Lisää ensimmäinen tagi!
Thư viện lưu trữ: Trung tâm Học liệu Trường Đại học Cần Thơ
LEADER 00575nam a2200193Ia 4500
001 CTU_92323
008 210402s9999 xx 000 0 und d
020 |c 12000 
082 |a 624.1 
082 |b H407 
100 |a Trần, Minh Hoàng 
245 0 |a Phương pháp thiết kế xưởng mạ điện 
245 0 |c Trần Minh Hoàng 
260 |a Hà Nội 
260 |b Khoa học Kỹ thuật 
260 |c 2001 
650 |a Civil engineering,Construction 
904 |i Mai Loan(tuyen) 
980 |a Trung tâm Học liệu Trường Đại học Cần Thơ